Top 25 Most Valuable Football (Soccer) Clubs 2020 - Statistics

General Stats
  • This quiz has been taken 159 times
  • The average score is 16 of 25
Answer Stats
Value Club % Correct
983m FC Barcelona
100%
1,07 billion Manchester City
100%
1,02 billion Liverpool FC
99%
763m Manchester United
99%
1,06 billion Real Madrid
99%
801m Chelsea FC
96%
801m Paris Saint-Germain
95%
929m FC Bayern
94%
710m Tottenham Hotspur
93%
559m Borussia Dortmund
90%
610m Juventus Turin
90%
335m AC Milan
89%
586m Inter Milan
88%
784m Atletico Madrid
87%
352m AS Roma
76%
534m SSC Napoli
70%
507m RB Leipzig
58%
449m Leicester City
52%
342m Wolverhampton Wanderers
33%
406m Bayer Leverkusen
16%
338m Ajax Amsterdam
9%
358m Olympique Lyon
7%
599m FC Arsenal
4%
411m FC Everton
1%
338m FC Sevilla
1%
No matching quizzes found
Score Distribution
Percent of People with Each Score
Percentile by Number Answered
Your Score History
You have not taken this quiz